APPLIED NONLINEAR DYNAMICS ,ANALYTICAL, COMPUTATIONAL, AND EXPERIMENTAL METHODS (CHAPTER 6-8) (Record no. 570689)
[ view plain ]
| 000 -LEADER | |
|---|---|
| fixed length control field | 00368nam a22001217a 4500 |
| 020 ## - INTERNATIONAL STANDARD BOOK NUMBER | |
| International Standard Book Number | 9780471593485 |
| 082 ## - DEWEY DECIMAL CLASSIFICATION NUMBER | |
| Classification number | 515.352 NAY |
| 100 ## - MAIN ENTRY--PERSONAL NAME | |
| Personal name | ALI H. NAYFEH ,BALACHANDRAN, BALAKUMAR |
| 9 (RLIN) | 61136 |
| 245 ## - TITLE STATEMENT | |
| Title | APPLIED NONLINEAR DYNAMICS ,ANALYTICAL, COMPUTATIONAL, AND EXPERIMENTAL METHODS (CHAPTER 6-8) |
| 260 ## - PUBLICATION, DISTRIBUTION, ETC. | |
| Place of publication, distribution, etc. | GERMANY |
| Name of publisher, distributor, etc. | WILEY |
| Date of publication, distribution, etc. | 2004 |
| 300 ## - PHYSICAL DESCRIPTION | |
| Extent | XL, 685P |
| 942 ## - ADDED ENTRY ELEMENTS (KOHA) | |
| Koha item type | Book |
| Withdrawn status | Lost status | Damaged status | Not for loan | Permanent Location | Current Location | Shelving location | Date acquired | Total Checkouts | Full call number | Barcode | Date last seen | Price effective from | Koha item type |
|---|---|---|---|---|---|---|---|---|---|---|---|---|---|
| College of Electrical & Mechanical Engineering (CEME) | College of Electrical & Mechanical Engineering (CEME) | General Stacks | 07/20/2017 | 515.352 NAY | CEME-49092 | 06/28/2021 | 06/28/2021 | Book |
